Ako správne napísať a prečítať "revízne správy" vyhradených technických zariadení

Stav bezpečnosti vyhradených technických zariadení sa overuje predpísanými prehliadkami a skúškami. O priebehu a výsledku odborných prehliadok a odborných skúšok je povinný revízny technik vytvoriť správu, ktorá musí obsahovať vyhláškou vyžadované údaje. Predstavenie náležitostí týchto správ a upria...

Ausführliche Beschreibung

Gespeichert in:
Bibliographische Detailangaben
1. Verfasser: Nohavica, Patrik
Format: Buchkapitel
Sprache:Slowakisch
Schlagworte:
Tags: Tag hinzufügen
Keine Tags, Fügen Sie das erste Tag hinzu!

MARC

LEADER 00000naa a2200000 4500
001 0314491
005 20260123094509.8
041 0 |a slo 
044 |a SK 
245 1 0 |a Ako správne napísať a prečítať "revízne správy" vyhradených technických zariadení  |c Patrik Nohavica 
520 |a Stav bezpečnosti vyhradených technických zariadení sa overuje predpísanými prehliadkami a skúškami. O priebehu a výsledku odborných prehliadok a odborných skúšok je povinný revízny technik vytvoriť správu, ktorá musí obsahovať vyhláškou vyžadované údaje. Predstavenie náležitostí týchto správ a upriamenie pozornosti na najčastejšie nedostatky, ktoré sa v praxi pri ich tvorbe vyskytujú. 
610 2 0 |a revízia 
610 2 0 |a zariadenia bezpečnostné 
610 2 0 |a zariadenia výrobné 
610 2 0 |a technika 
610 2 0 |a bezpečnosť práce 
610 2 0 |a bezpečnosť 
610 2 0 |a ochrana zdravia 
610 2 0 |a vyhlášky 
100 1 |a Nohavica, Patrik